Cold Sassy tree / (Record no. 625)

000 -LEADER
fixed length control field 01462nam a22004097a 4500
001 - CONTROL NUMBER
control field 14080295
003 - CONTROL NUMBER IDENTIFIER
control field OSt
005 - DATE AND TIME OF LATEST TRANSACTION
control field 20210421060311.0
008 - FIXED-LENGTH DATA ELEMENTS--GENERAL INFORMATION
fixed length control field 050819r20051984nyu 000 1 eng
010 ## - LIBRARY OF CONGRESS CONTROL NUMBER
LC control number 2005280212
020 ## - INTERNATIONAL STANDARD BOOK NUMBER
International Standard Book Number 038531258X (pbk.)
040 ## - CATALOGING SOURCE
Original cataloging agency eng
Transcribing agency DLC
Modifying agency eng
Language of cataloging eng
041 ## - LANGUAGE CODE
Language code of text/sound track or separate title eng
043 ## - GEOGRAPHIC AREA CODE
Geographic area code n-us-ga
050 00 - LIBRARY OF CONGRESS CALL NUMBER
Classification number PS3552.U73248
Item number C6 2005
080 ## - UNIVERSAL DECIMAL CLASSIFICATION NUMBER
Universal Decimal Classification number 821.111
Item number B-96
082 00 - DEWEY DECIMAL CLASSIFICATION NUMBER
Classification number 813/.54
Edition number 22
100 1# - MAIN ENTRY--PERSONAL NAME
Personal name Burns, Olive Ann.
245 10 - TITLE STATEMENT
Title Cold Sassy tree /
Statement of responsibility, etc. Olive Ann Burns.
250 ## - EDITION STATEMENT
Edition statement Dial Press trade pbk. ed.
260 ## - PUBLICATION, DISTRIBUTION, ETC.
Place of publication, distribution, etc. New York :
Name of publisher, distributor, etc. Dial Press Trade Paperbacks,
Date of publication, distribution, etc. 1984
300 ## - PHYSICAL DESCRIPTION
Extent 391 p. ;
Dimensions 21 cm.
365 ## - TRADE PRICE
Price amount 12.95 usd
650 #0 - SUBJECT ADDED ENTRY--TOPICAL TERM
Topical term or geographic name entry element Families
Geographic subdivision Georgia
Form subdivision Fiction.
650 #0 - SUBJECT ADDED ENTRY--TOPICAL TERM
Topical term or geographic name entry element English literature
9 (RLIN) 254
650 #0 - SUBJECT ADDED ENTRY--TOPICAL TERM
Topical term or geographic name entry element Country life
Geographic subdivision Georgia
Form subdivision Fiction.
653 ## - INDEX TERM--UNCONTROLLED
Uncontrolled term ინგლისური ლიტერატურა
655 #7 - INDEX TERM--GENRE/FORM
Genre/form data or focus term Pastoral fiction.
Source of term gsafd
655 #7 - INDEX TERM--GENRE/FORM
Genre/form data or focus term Historical fiction.
Source of term gsafd
655 #7 - INDEX TERM--GENRE/FORM
Genre/form data or focus term Bildungsromans.
Source of term gsafd
856 42 - ELECTRONIC LOCATION AND ACCESS
Materials specified Contributor biographical information
Uniform Resource Identifier <a href="http://www.loc.gov/catdir/enhancements/fy0626/2005280212-b.html">http://www.loc.gov/catdir/enhancements/fy0626/2005280212-b.html</a>
856 42 - ELECTRONIC LOCATION AND ACCESS
Materials specified Publisher description
Uniform Resource Identifier <a href="http://www.loc.gov/catdir/enhancements/fy0626/2005280212-d.html">http://www.loc.gov/catdir/enhancements/fy0626/2005280212-d.html</a>
856 41 - ELECTRONIC LOCATION AND ACCESS
Materials specified Sample text
Uniform Resource Identifier <a href="http://www.loc.gov/catdir/enhancements/fy0626/2005280212-s.html">http://www.loc.gov/catdir/enhancements/fy0626/2005280212-s.html</a>
906 ## - LOCAL DATA ELEMENT F, LDF (RLIN)
a 7
b cbc
c origcop
d 3
e ncip
f 20
g y-gencatlg
942 ## - ADDED ENTRY ELEMENTS (KOHA)
Source of classification or shelving scheme
Koha item type Books
Holdings
Withdrawn status Lost status Source of classification or shelving scheme Damaged status Not for loan Permanent location Current location Date acquired Inventory number Total Checkouts Full call number Barcode Date last seen Price effective from Koha item type
          Ken Walker International University Ken Walker International University 12/14/2020 802   821.111 B-96 802 12/14/2020 12/14/2020 Books

Powered by Koha